Antizion: (Record no. 31487)
[ view plain ]
| 000 -LEADER | |
|---|---|
| fixed length control field | 00470nam a2200157Ia 4500 |
| 008 - FIXED-LENGTH DATA ELEMENTS--GENERAL INFORMATION | |
| fixed length control field | 250611s9999 xx 000 0 und d |
| 020 ## - INTERNATIONAL STANDARD BOOK NUMBER | |
| International Standard Book Number | 0911038205 |
| 082 ## - DEWEY DECIMAL CLASSIFICATION NUMBER | |
| Classification number | 305.8924 GRI |
| 100 ## - MAIN ENTRY--PERSONAL NAME | |
| Personal name | Grimstad, Willaim |
| 245 #0 - TITLE STATEMENT | |
| Title | Antizion: |
| Remainder of title | a Survey of Commentary on Organized Jewry by Leading Personalities Through the Ages |
| 260 ## - PUBLICATION, DISTRIBUTION, ETC. | |
| Place of publication, distribution, etc. | Torrance: |
| Name of publisher, distributor, etc. | Noontide Press, |
| Date of publication, distribution, etc. | 1973 |
| 300 ## - PHYSICAL DESCRIPTION | |
| Extent | 200p. |
| 500 ## - GENERAL NOTE | |
| General note | includes bibiliography |
| 600 ## - SUBJECT ADDED ENTRY--PERSONAL NAME | |
| Personal name | Social Science |
| 942 ## - ADDED ENTRY ELEMENTS (KOHA) | |
| Koha item type | Gifted & Donated Books |
| Withdrawn status | Lost status | Source of classification or shelving scheme | Damaged status | Not for loan | Collection | Home library | Current library | Shelving location | Date acquired | Source of acquisition | Total checkouts | Full call number | Barcode | Date last seen | Price effective from | Koha item type | Public note |
|---|---|---|---|---|---|---|---|---|---|---|---|---|---|---|---|---|---|
| Dewey Decimal Classification | UITU Library | UITU Library | Gifted Books | 06/10/2025 | Gifted by Anonymous | 305.8924 GRI | G325 | 06/12/2025 | 06/12/2025 | Gifted & Donated Books | Gifted by Anonymous |

